| 000 | 00000nam##2200000za#4500 |
| 001 | 9.581152 |
| 003 | CaOODSP |
| 005 | 20210624191401 |
| 007 | cr ||||||||||| |
| 008 | 150406|2004||||xxc|||||o f|0| 0 eng|d |
| 040 | |aCaOODSP|beng |
| 043 | |an-cn--- |
| 086 | 1 |aNH18-22/104-107E-PDF |
| 110 | 2 |aCanada Mortgage and Housing Corporation. |
| 245 | 10|aSurvey of in-suite space and domestic hot water heating systems in multi-residential buildings |h[electronic resource] |
| 250 | |aRevised 2005, 2010 |
| 260 | |aOttawa - Ontario : |bCanada Mortgage and Housing Corporation |cc2004, 2005, 2010. |
| 300 | |a4p.|bcoloured illus. |
| 490 | 1 |aResearch highlight. Technical series |v04-107 |
| 500 | |aFile reproduced from original print. |
| 590 | |a14-20-Supp|b2014-11-25 |
| 775 | 08|tEnquête sur les installations individuelles utilisées pour le chauffage de l'eau et des locaux dans les collectifs d'habitation |w(CaOODSP)9.608001 |
| 776 | 0#|tSurvey of in-suite space and domestic hot water heating systems in multi-residential buildings |w(CaOODSP)9.617036 |
| 830 | #0|aResearch highlight. Technical series ;|v04-107|w(CaOODSP)9.504482 |
| 856 | 40|ahttp://publications.gc.ca|qPDF|s185 KB|uhttps://publications.gc.ca/collections/collection_2014/schl-cmhc/NH18-22-104-107-eng.pdf|y04-107 |